| Tag |
First Indicator |
Second Indicator |
Subfields |
| LEADER |
00000cam a2200000 4500 |
| 001 |
in00000714513 |
| 005 |
20151016060346.0 |
| 008 |
740610s1955 nyua 00000 eng u |
| 010 |
|
|
|a 55011764
|
| 035 |
|
|
|a (OCoLC)00911576
|
| 035 |
|
|
|9 ADC9761AM
|
| 040 |
|
|
|c UDI
|d TXA
|d UtOrBLW
|
| 049 |
|
|
|a TXAM
|c 1 [287422], 2 [A08436197], 3 [A08539408]
|
| 050 |
|
0 |
|a E415.7
|b .B65
|
| 092 |
|
|
|a 973.6
|b B791c
|
| 100 |
1 |
|
|a Boykin, Edward,
|d 1889-1968.
|
| 245 |
1 |
0 |
|a Congress and the Civil War.
|
| 264 |
|
1 |
|a New York :
|b McBride Co.,
|c [1955]
|
| 300 |
|
|
|a 352 pages :
|b illustrations ;
|c 22 cm.
|
| 336 |
|
|
|a text
|b txt
|2 rdacontent
|
| 337 |
|
|
|a unmediated
|b n
|2 rdamedia
|
| 338 |
|
|
|a volume
|b nc
|2 rdacarrier
|
| 610 |
1 |
0 |
|a United States.
|b Congress
|x History.
|
| 651 |
|
0 |
|a United States
|x Politics and government
|y 19th century.
|
| 999 |
|
|
|a MARS
|
| 999 |
f |
f |
|s e54915ee-7187-343d-ac06-a4dbb94913a3
|i 04958217-b087-3252-95c3-31e10e5227e4
|t 0
|
| 952 |
f |
f |
|p ric
|a Texas A&M University
|b Rellis Campus
|c Joint Library Facility
|s JLF
|d Remote Storage
|t 0
|e E415.7 .B65
|h Library of Congress classification
|i unmediated -- volume
|m A14808436197
|
| 952 |
f |
f |
|p ric
|a Texas A&M University
|b Rellis Campus
|c Joint Library Facility
|s JLF
|d Remote Storage
|t 0
|e E415.7 B65
|h Library of Congress classification
|i unmediated -- volume
|m A14808539408
|
| 998 |
f |
f |
|a E415.7 B65
|t 0
|l Remote Storage
|
| 998 |
f |
f |
|a E415.7 .B65
|t 0
|l Remote Storage
|